000 00622cam a22002295a 4500
001 L158488
008 150318s1942 xxk f 000 0 eng d
035 _a(Sirsi) u158488
041 _aeng
100 _aParry, R.
245 _aValuation tables
250 _a5th ed
260 _aLondon
_bEstates Gazette
_c1933
300 _ax, 261p.; 22cm
350 _a0
520 _aCompilation of valuation and converson tables includes Years Purchase Tables, English Life and Conversion Tables.
590 _aKA
650 2 4 _aENGLISH LIFE TABLES
651 4 _aUnited Kingdom
_y
942 _n0
948 _c04/03/1997
999 _c115340
_d115340